000 00661nas a2200241 4500
001 BR9208844
003 BR-BrBNA
005 20231205093155.0
007 ta
008 230509b bl.|||p| |||| 00| 00por d
040 _aBR-BrBNA
_bpor
_cBiblioteca Nacional de Agricultura
041 _a(Pt)
072 _aQ02
100 1 _aTornic, H.E.
245 1 _aDa cevada a bebida
650 _aTECNOLOGIA DE ALIMENTO
650 _aBEBIDA ALCOOLICA
650 _aCEVADA
650 _aCERVEJA
773 0 _tAlimentos e Tecnologia (Brazil)
_xISSN 0102-6682
_g(1986), v. 1(7) p. 11-16
_wBR9208844
909 _a202311
_bLúcia
_c55
_dLúcia Elande
942 _2AGRIS
_n0
_cANA
999 _c136638
_d136638